[Event "Manavgat Turkey Cup"]
[Site "Manavgat"]
[Date "2015.02.05"]
[Round "9"]
[White "Gulenc, Ahmet Fazil"]
[Black "Karatas, Kursat"]
[Result "1-0"]
[WhiteElo "1846"]
[BlackElo "1743"]
[PlyCount "127"]
[EventDate "2015.01.31"]
[EventType "swiss"]
[EventRounds "11"]
[EventCountry "TUR"]
[SourceTitle "CBM 164 Extra"]
[Source "ChessBase"]
[SourceDate "2015.03.02"]
[SourceVersion "1"]
[SourceVersionDate "2015.03.02"]
[SourceQuality "1"]

1. d4 Nf6 2. c4 e6 3. Nc3 c5 4. d5 exd5 5. cxd5 d6 6. e4 g6 7. Bd3 Bg7 8. Nge2 0-0 9. 0-0 Na6 10. Ng3 Ng4 11. h3 Ne5 12. Bc2 Qh4 13. a3 Rb8 14. Qe2 Nc7 15. Qe3 b5 16. Qg5 Qxg5 17. Bxg5 Re8 18. Kh1 Nc4 19. Rfb1 Nxb2 20. Nce2 Nc4 21. Ra2 a6 22. Ng1 a5 23. Bf4 Bd7 24. Bd3 Ne5 25. Bf1 a4 26. Bd2 Nc4 27. Bxc4 bxc4 28. Rc1 Bb5 29. Nf3 Ba6 30. Ba5 Rb7 31. Nd2 Rb2 32. Rxb2 Bxb2 33. Rc2 c3 34. Bxc3 Bxc3 35. Rxc3 Rb8 36. Rc2 f6 37. f3 Kf7 38. Kg1 Rb7 39. Kf2 Ke7 40. Ne2 Bxe2 41. Kxe2 Nb5 42. Rc4 Ra7 43. Nb1 Nd4+ 44. Kd3 Nb5 45. Rc2 Kd7 46. Rb2 Ra5 47. Kc4 Nc7 48. Nc3 Ra6 49. Rb8 h5 50. g4 hxg4 51. hxg4 g5 52. Rf8 Ne8 53. Rf7+ Kd8 54. Kb5 Ra8 55. Kc6 Ra6+ 56. Kb7 Ra5 57. Kb6 Ra8 58. Kc6 Ra6+ 59. Kb5 Ra8 60. Kc4 Ra6 61. Nb5 Ra8 62. Rb7 Kc8 63. Re7 Kd8 64. Rxe8+ 1-0

[Event "Wch Seniors 50 24th"]
[Site "Katerini"]
[Date "2014.11.02"]
[Round "9"]
[White "Ferreira, Alexander da Silva"]
[Black "Karatas, Kursat"]
[Result "0-1"]
[WhiteElo "1657"]
[BlackElo "1741"]
[PlyCount "142"]
[EventDate "2014.10.24"]
[EventType "swiss"]
[EventRounds "11"]
[EventCountry "GRE"]
[SourceTitle "EXT 2015"]
[Source "ChessBase"]
[SourceDate "2014.11.20"]
[SourceVersion "1"]
[SourceVersionDate "2014.11.20"]
[SourceQuality "1"]

1. e4 e5 2. Nf3 Nc6 3. Bc4 Nf6 4. Ng5 d5 5. exd5 Na5 6. Qe2 Nxc4 7. Qxc4 Qxd5 8. Qxd5 Nxd5 9. d3 h6 10. Nf3 Bd6 11. h3 0-0 12. Bd2 Be6 13. a3 Rfe8 14. Nc3 Nxc3 15. Bxc3 Bd5 16. 0-0-0 Re7 17. Kb1 c5 18. Rhe1 Rae8 19. Re3 b5 20. b4 cxb4 21. Bxb4 Bxb4 22. axb4 Kf8 23. Ne1 Rc7 24. Kb2 f6 25. f3 a6 26. Ra1 Bb7 27. Re2 Rec8 28. Ra3 Ra8 29. c3 Rd8 30. Rd2 Rcd7 31. Kc2 Kf7 32. Kd1 Rd6 33. Ke2 f5 34. g3 Bd5 35. Ra1 Bc4 36. Rad1 Bb3 37. Nc2 g5 38. Ra1 Rc8 39. Ne3 f4 40. Nf5 Rf6 41. g4 Rxc3 42. Rh1 Be6 43. Nd6+ Ke7 44. Ne4 Rb3 45. Nxf6 Kxf6 46. Ra2 Rxb4 47. Rc2 a5 48. h4 a4 49. hxg5+ hxg5 50. Rh6+ Ke7 51. Rh7+ Kd6 52. Ra7 Rb3 53. Ra6+ Kd7 54. Rcc6 Rb2+ 55. Ke1 a3 56. Rxe6 a2 57. Rxa2 Rxa2 58. Rxe5 b4 59. Kd1 b3 60. Kc1 Rf2 61. Rxg5 Rxf3 62. Rf5 Rf2 63. g5 Ke6 64. Rb5 b2+ 65. Kb1 Rg2 66. d4 f3 67. Re5+ Kd6 68. Rf5 f2 69. Rf6+ Ke7 70. Ka2 b1Q+ 71. Kxb1 Rg1+ 0-1

[Event "Wch Seniors 50 24th"]
[Site "Katerini"]
[Date "2014.10.24"]
[Round "1"]
[White "Habibi, Ali"]
[Black "Karatas, Kursat"]
[Result "1-0"]
[WhiteElo "2247"]
[BlackElo "1741"]
[PlyCount "49"]
[EventDate "2014.10.24"]
[EventType "swiss"]
[EventRounds "11"]
[EventCountry "GRE"]
[SourceTitle "EXT 2015"]
[Source "ChessBase"]
[SourceDate "2014.11.20"]
[SourceVersion "1"]
[SourceVersionDate "2014.11.20"]
[SourceQuality "1"]

1. b3 e5 2. Bb2 Nc6 3. c4 Nf6 4. d3 Bc5 5. e3 0-0 6. a3 a5 7. Nd2 d5 8. cxd5 Qxd5 9. Ngf3 Bg4 10. Be2 Rad8 11. Qc2 Rfe8 12. 0-0 Bb6 13. Rfe1 Qe6 14. Nc4 Nd7 15. Rad1 Qg6 16. Qb1 Ba7 17. Bc3 Bb6 18. b4 axb4 19. axb4 f6 20. b5 Ne7 21. d4 Bf5 22. Qb2 exd4 23. Bxd4 Be4 24. Ncd2 Bd3 25. Qb3+ 1-0

[Event "Kemer Turkey Cup"]
[Site "Kemer"]
[Date "2014.02.07"]
[Round "8"]
[White "Karatas, Kursat"]
[Black "Ergonen, Arda"]
[Result "0-1"]
[WhiteElo "1744"]
[BlackElo "1999"]
[PlyCount "80"]
[EventDate "2014.02.01"]
[EventType "swiss"]
[EventRounds "9"]
[EventCountry "TUR"]
[SourceTitle "CBM 158 Extra"]
[Source "ChessBase"]
[SourceDate "2014.02.28"]
[SourceVersion "1"]
[SourceVersionDate "2014.02.28"]
[SourceQuality "1"]

1. e4 d5 2. exd5 Qxd5 3. Nc3 Qa5 4. d4 Nf6 5. Bc4 c6 6. Bd2 Bf5 7. Nf3 e6 8. Nd5 Qd8 9. Nxf6+ gxf6 10. Bb3 Nd7 11. Qe2 Qc7 12. Nh4 Bg6 13. 0-0-0 0-0-0 14. Nxg6 hxg6 15. Kb1 Rxh2 16. Rhe1 Bd6 17. Qf3 Rh5 18. g3 f5 19. c4 c5 20. Bc3 cxd4 21. Bxd4 Bc5 22. Bc3 Qc6 23. Qxc6+ bxc6 24. Re2 Rh2 25. Rf1 Nb6 26. Kc2 Bd4 27. Bxd4 Rxd4 28. Kc3 Rd8 29. Re5 Kb7 30. Bd1 Nd7 31. Re2 Nf6 32. Bc2 Ng4 33. b4 e5 34. Bd1 e4 35. Rb2 Rd3+ 36. Kc2 Nxf2 37. Kc1 e3 38. Be2 Rd2 39. Rxd2 exd2+ 40. Kxd2 Ne4+ 0-1

[Event "Kemer Turkey Cup"]
[Site "Kemer"]
[Date "2014.02.03"]
[Round "4"]
[White "Karatas, Kursat"]
[Black "Simsek, Hakki Kaan"]
[Result "0-1"]
[WhiteElo "1744"]
[BlackElo "1843"]
[PlyCount "90"]
[EventDate "2014.02.01"]
[EventType "swiss"]
[EventRounds "9"]
[EventCountry "TUR"]
[SourceTitle "CBM 158 Extra"]
[Source "ChessBase"]
[SourceDate "2014.02.28"]
[SourceVersion "1"]
[SourceVersionDate "2014.02.28"]
[SourceQuality "1"]

1. e4 c5 2. Nc3 e6 3. f4 a6 4. g3 d5 5. Bg2 d4 6. Nce2 Nc6 7. d3 g6 8. Nf3 Bg7 9. 0-0 Nge7 10. c3 0-0 11. Rb1 b5 12. cxd4 Nxd4 13. Be3 Bb7 14. b4 Nxf3+ 15. Bxf3 cxb4 16. Rxb4 Nc6 17. Rb3 Nd4 18. Nxd4 Bxd4 19. Qe2 Qd7 20. Kg2 Rfd8 21. Bd2 a5 22. Rfb1 Bc6 23. Rc1 Ra6 24. Be1 b4 25. g4 Ba4 26. Rbb1 Ba7 27. Bh4 Rc8 28. e5 Bc6 29. Kg3 Bxf3 30. Qxf3 Rac6 31. Rd1 Rc2 32. a3 Bf2+ 33. Kh3 Bxh4 34. Kxh4 Qe7+ 35. Kg3 bxa3 36. Qe3 Qc5 37. Qxc5 R8xc5 38. h4 a2 39. Ra1 R5c3 40. h5 gxh5 41. gxh5 Kg7 42. Kf3 Rb3 43. Kg3 Rcb2 44. h6+ Kxh6 45. Rh1+ Kg7 0-1

[Event "Kemer Turkey Cup"]
[Site "Kemer"]
[Date "2014.02.02"]
[Round "2"]
[White "Karatas, Kursat"]
[Black "Ceylan, Metin"]
[Result "1-0"]
[WhiteElo "1744"]
[BlackElo "1892"]
[PlyCount "137"]
[EventDate "2014.02.01"]
[EventType "swiss"]
[EventRounds "9"]
[EventCountry "TUR"]
[SourceTitle "CBM 158 Extra"]
[Source "ChessBase"]
[SourceDate "2014.02.28"]
[SourceVersion "1"]
[SourceVersionDate "2014.02.28"]
[SourceQuality "1"]

1. e4 e6 2. d3 d5 3. Nd2 Nf6 4. Ngf3 dxe4 5. dxe4 Bc5 6. Bd3 Nc6 7. 0-0 Nb4 8. Bc4 a6 9. a3 Nc6 10. Qe1 b5 11. Bd3 e5 12. Nb3 Bd6 13. Qc3 Bd7 14. Bg5 h6 15. Bh4 Qe7 16. Qe1 g5 17. Bg3 Nh5 18. c4 b4 19. c5 Bxc5 20. Nxc5 Qxc5 21. axb4 Nxb4 22. Rc1 Qe7 23. Bc4 f6 24. Qc3 Nf4 25. Bxf4 gxf4 26. Nh4 Rh7 27. Ng6 Qg7 28. Qxb4 Qxg6 29. Rfd1 Rg7 30. Bf1 c6 31. f3 Rd8 32. Qd6 Rc8 33. Rd2 a5 34. Ba6 Rd8 35. Rxc6 Qf7 36. Qxf6 Qxf6 37. Rxf6 h5 38. Rfd6 Rb8 39. Kf2 a4 40. Rh6 Rb4 41. Rxh5 Re7 42. Rh8+ Kf7 43. Rh7+ Ke8 44. Rxe7+ Kxe7 45. g4 Rb6 46. Bc4 Rb4 47. Rc2 Kf6 48. h4 Kg6 49. Ke2 Rb6 50. Rd2 Be8 51. Bd5 Bb5+ 52. Kd1 Bf1 53. Rc2 Rb4 54. Rc6+ Kg7 55. Kc1 Be2 56. Rc3 Rd4 57. Rc7+ Kf8 58. h5 Bxf3 59. h6 Rd1+ 60. Kc2 Bxg4 61. Rg7 Rh1 62. Rxg4 Rxh6 63. Rg5 Rh2+ 64. Kc3 Rh3+ 65. Kb4 Rh2 66. Ka3 Rh3+ 67. Kxa4 f3 68. Rxe5 Kg7 69. Rf5 1-0

[Event "Istanbul op-B 12th"]
[Site "Istanbul"]
[Date "2013.10.16"]
[Round "7"]
[White "Kamer, Kayra"]
[Black "Karatas, Kursat"]
[Result "1-0"]
[WhiteElo "1705"]
[BlackElo "1768"]
[PlyCount "81"]
[EventDate "2013.10.12"]
[EventType "swiss"]
[EventRounds "9"]
[EventCountry "TUR"]
[SourceTitle "EXT 2014"]
[Source "ChessBase"]
[SourceDate "2013.11.20"]
[SourceVersion "1"]
[SourceVersionDate "2013.11.20"]
[SourceQuality "1"]

1. e4 e5 2. Nf3 Nc6 3. Nc3 Nf6 4. d4 exd4 5. Nxd4 Bb4 6. Nxc6 bxc6 7. Bd3 d5 8. e5 Ne4 9. Bxe4 Bxc3+ 10. bxc3 dxe4 11. Qe2 Qd5 12. Bf4 Bf5 13. 0-0 0-0 14. Rfd1 Qc5 15. Qe1 h6 16. Rd4 Rab8 17. e6 Rbd8 18. Rxd8 Rxd8 19. Bxc7 Re8 20. exf7+ Kxf7 21. Bf4 Rd8 22. Rb1 Rd7 23. h3 Qa3 24. g4 Bg6 25. Rb3 Qxa2 26. Qe2 Qa4 27. Kh2 c5 28. Be3 Rc7 29. f3 c4 30. Rb4 Qc6 31. f4 Kg8 32. Bd4 a5 33. Rb6 Qe8 34. Be5 Rc8 35. Rb7 Bf7 36. Qxe4 Ra8 37. g5 hxg5 38. fxg5 Rd8 39. g6 Rd2+ 40. Kg3 Bd5 41. Rxg7+ 1-0

[Event "TUR-ch"]
[Site "Antalya"]
[Date "2013.02.07"]
[Round "9"]
[White "Agaoglu, Aydin"]
[Black "Karatas, Kursat"]
[Result "1-0"]
[WhiteElo "1951"]
[BlackElo "1799"]
[PlyCount "81"]
[EventDate "2013.02.02"]
[EventType "swiss"]
[EventRounds "11"]
[EventCountry "TUR"]
[SourceTitle "CBM 152 Extra"]
[Source "ChessBase"]
[SourceDate "2013.02.25"]
[SourceVersion "1"]
[SourceVersionDate "2013.02.25"]
[SourceQuality "1"]

1. d4 Nf6 2. Nf3 c5 3. e3 g6 4. Bd3 Bg7 5. 0-0 cxd4 6. exd4 0-0 7. c4 d5 8. c5 Nc6 9. h3 b6 10. Qa4 Bb7 11. b4 bxc5 12. bxc5 Ne4 13. Ba3 Qc7 14. Bb5 e5 15. Bb2 exd4 16. Rc1 a6 17. Bd3 Qf4 18. Na3 Nxf2 19. Kxf2 Qe3+ 20. Kf1 Qxd3+ 21. Kg1 Bh6 22. Rd1 Be3+ 23. Kh1 Qe4 24. Nc2 Bf2 25. Rf1 Bg3 26. Ncxd4 Rfe8 27. Ng5 Qh4 28. Nxf7 Re4 29. Nxc6 Rae8 30. Qd1 Bxc6 31. Bf6 Qxf6 32. Rxf6 Re1+ 33. Qxe1 Bxe1 34. Rxc6 Kxf7 35. Rxa6 Bc3 36. Rf1+ Kg8 37. Rd6 d4 38. c6 Rc8 39. g4 d3 40. Rxd3 Rxc6 41. Rc1 1-0

[Event "TUR-ch"]
[Site "Antalya"]
[Date "2013.02.07"]
[Round "8"]
[White "Karatas, Kursat"]
[Black "Tasan, Mehmet Askin"]
[Result "1-0"]
[WhiteElo "1799"]
[BlackElo "2020"]
[PlyCount "139"]
[EventDate "2013.02.02"]
[EventType "swiss"]
[EventRounds "11"]
[EventCountry "TUR"]
[SourceTitle "CBM 152 Extra"]
[Source "ChessBase"]
[SourceDate "2013.02.25"]
[SourceVersion "1"]
[SourceVersionDate "2013.02.25"]
[SourceQuality "1"]

1. e4 e6 2. d3 c5 3. Nf3 Nc6 4. c3 g6 5. Bg5 Qa5 6. Nbd2 d6 7. Be2 Bg7 8. Nc4 Qc7 9. a4 h6 10. Bf4 e5 11. Bd2 Nge7 12. Ne3 0-0 13. b4 b6 14. h3 Be6 15. b5 Na5 16. c4 Nb7 17. Ng4 Kh7 18. Qc1 Ng8 19. Ne3 a6 20. 0-0 Ra7 21. Qb2 a5 22. Bc3 Nd8 23. Nh2 g5 24. Bg4 Ne7 25. Bf5+ Kg8 26. Qe2 Qd7 27. Qg4 d5 28. Bxe6 fxe6 29. exd5 exd5 30. Qxd7 Rxd7 31. Bb2 d4 32. Nc2 Ne6 33. g3 Ng6 34. Rae1 Rdf7 35. Re4 h5 36. Bc1 h4 37. Bd2 Kh7 38. Ne1 Bh6 39. Ng2 hxg3 40. fxg3 Rxf1+ 41. Nxf1 Rf3 42. Ne1 Rf7 43. Kg2 Rf5 44. Nh2 Ngf8 45. Ng4 Bg7 46. Nf3 Ng6 47. Bc1 Kg8 48. Bd2 Kf8 49. Bc1 Ke7 50. Bd2 Kd6 51. Bc1 Ne7 52. Nf2 Ng8 53. Re2 Bh6 54. Ne4+ Ke7 55. Bd2 Kd7 56. Rf2 Ke7 57. Nh2 Rxf2+ 58. Kxf2 Nf6 59. Nxf6 Kxf6 60. Ng4+ Kg6 61. Nxe5+ Kf5 62. Nd7 Nd8 63. Nxb6 Nb7 64. h4 Bf8 65. Bxg5 Kg4 66. Bf4 Be7 67. Nd5 Bf8 68. Bc7 Bh6 69. Nf6+ Kf5 70. Ne4 1-0

[Event "TUR-ch"]
[Site "Antalya"]
[Date "2013.02.03"]
[Round "3"]
[White "Bircan, Selim"]
[Black "Karatas, Kursat"]
[Result "1-0"]
[WhiteElo "1975"]
[BlackElo "1799"]
[PlyCount "71"]
[EventDate "2013.02.02"]
[EventType "swiss"]
[EventRounds "11"]
[EventCountry "TUR"]
[SourceTitle "CBM 152 Extra"]
[Source "ChessBase"]
[SourceDate "2013.02.25"]
[SourceVersion "1"]
[SourceVersionDate "2013.02.25"]
[SourceQuality "1"]

1. e4 e5 2. Nf3 Nc6 3. Bb5 Bc5 4. c3 f5 5. Nxe5 Bxf2+ 6. Kxf2 Nxe5 7. exf5 Qf6 8. Re1 Ne7 9. d4 Qh4+ 10. Kg1 Ng4 11. h3 Qf2+ 12. Kh1 Nf6 13. Qe2 Qxe2 14. Rxe2 c6 15. Bd3 d5 16. Bg5 Kf7 17. Re5 h6 18. Bh4 g5 19. fxg6+ Nxg6 20. Bxg6+ Kxg6 21. Bxf6 Kxf6 22. Nd2 Bd7 23. Rf1+ Kg6 24. Re7 Rad8 25. Rff7 Bc8 26. Nf3 Rhg8 27. g4 Rdf8 28. Kg2 Rxf7 29. Ne5+ Kg7 30. Rxf7+ Kh8 31. Kg3 Re8 32. Kh4 Kg8 33. Rc7 a5 34. Kh5 b5 35. Kxh6 Re6+ 36. Ng6 1-0

[Event "TUR-ch"]
[Site "Kemer"]
[Date "2011.02.13"]
[Round "10"]
[White "Karatas, Kursat"]
[Black "Ertan, Oktay"]
[Result "0-1"]
[WhiteElo "1820"]
[BlackElo "1941"]
[PlyCount "68"]
[EventDate "2011.02.05"]
[EventType "swiss"]
[EventRounds "10"]
[EventCountry "TUR"]
[SourceTitle "CBM 140 Extra"]
[Source "ChessBase"]
[SourceDate "2011.03.01"]
[SourceVersion "1"]
[SourceVersionDate "2011.03.01"]
[SourceQuality "1"]

1. e4 e6 2. d3 c5 3. Nf3 Nc6 4. g3 Nge7 5. Bg2 g6 6. 0-0 Bg7 7. c3 0-0 8. Bf4 e5 9. Be3 d6 10. Nbd2 h6 11. h4 f5 12. exf5 gxf5 13. Nb3 f4 14. Bd2 Bg4 15. Qc1 Ng6 16. Nh2 Be2 17. Re1 Bxd3 18. h5 Nge7 19. gxf4 c4 20. fxe5 cxb3 21. Bxh6 Nxe5 22. Bxg7 Kxg7 23. Qg5+ Kh7 24. Ng4 Nf5 25. Qxd8 Raxd8 26. Nxe5 dxe5 27. axb3 Nh4 28. Bxb7 Rg8+ 29. Kh1 Rg5 30. Ra5 Rxh5 31. Rexe5 Nf5+ 32. Kg2 Nh4+ 33. Kh1 Bf5 34. Kg1 Rd1+ 0-1

[Event "TUR-ch"]
[Site "Kemer"]
[Date "2011.02.12"]
[Round "9"]
[White "Alper, Metin"]
[Black "Karatas, Kursat"]
[Result "1-0"]
[WhiteElo "2034"]
[BlackElo "1820"]
[PlyCount "139"]
[EventDate "2011.02.05"]
[EventType "swiss"]
[EventRounds "10"]
[EventCountry "TUR"]
[SourceTitle "CBM 140 Extra"]
[Source "ChessBase"]
[SourceDate "2011.03.01"]
[SourceVersion "1"]
[SourceVersionDate "2011.03.01"]
[SourceQuality "1"]

1. Nf3 Nf6 2. d4 e6 3. g3 b5 4. Bg2 Bb7 5. 0-0 Be7 6. Nbd2 d6 7. Re1 Nbd7 8. e4 e5 9. c3 0-0 10. Qb3 Rb8 11. a4 a6 12. Qc2 c5 13. d5 c4 14. Nh4 g6 15. Nf1 Re8 16. a5 Nc5 17. Be3 Rc8 18. f3 Rc7 19. Bh3 Bc8 20. Qg2 Nh5 21. Bg4 Ng7 22. Bxc5 Rxc5 23. Bxc8 Qxc8 24. Ne3 Qd8 25. Qh3 Bxh4 26. gxh4 Nh5 27. Kh1 Qf6 28. Qg4 Kh8 29. Rf1 Qf4 30. Rae1 Rc7 31. Qh3 Qh6 32. Qg4 Nf4 33. Qg5 Qxg5 34. hxg5 Rb8 35. Nc2 Nd3 36. Rb1 Kg7 37. Nb4 Nxb4 38. cxb4 f6 39. h4 fxg5 40. hxg5 c3 41. bxc3 Rxc3 42. Kg2 h6 43. Rfc1 Rbc8 44. Rxc3 Rxc3 45. gxh6+ Kxh6 46. Kg3 Kg5 47. Rh1 Rc4 48. Rh7 Rxb4 49. Ra7 Ra4 50. Rxa6 b4 51. Rxd6 Rxa5 52. Rb6 Ra4 53. Rb5 Kf6 54. Kg4 Kf7 55. Kg5 Ra3 56. Rb7+ Ke8 57. Rxb4 Rxf3 58. Rb6 Kd7 59. Re6 Rg3+ 60. Kf6 g5 61. Kxe5 g4 62. Rg6 Ke7 63. Kf4 Rf3+ 64. Kxg4 Rf1 65. Ra6 Re1 66. Kf5 Rf1+ 67. Ke5 Rb1 68. Ra7+ Kd8 69. Ke6 Rb6+ 70. d6 1-0

[Event "Istanbul op 9th"]
[Site "Istanbul"]
[Date "2010.08.21"]
[Round "1"]
[White "Gvetadze, Sofio"]
[Black "Karatas, Kursat"]
[Result "1-0"]
[WhiteElo "2355"]
[BlackElo "1826"]
[PlyCount "107"]
[EventDate "2010.08.21"]
[EventType "swiss"]
[EventRounds "9"]
[EventCountry "TUR"]
[SourceTitle "CBM 138 Extra"]
[Source "ChessBase"]
[SourceDate "2010.10.29"]
[SourceVersion "1"]
[SourceVersionDate "2010.10.29"]
[SourceQuality "1"]

1. e4 d5 2. exd5 Nf6 3. d4 Nxd5 4. c4 Nb6 5. Nc3 e5 6. dxe5 Qxd1+ 7. Nxd1 Nc6 8. f4 Be6 9. Ne3 Bc5 10. b3 0-0-0 11. Nf3 Nb4 12. a3 Nd3+ 13. Ke2 Nxf4+ 14. Kf2 Nd3+ 15. Bxd3 Rxd3 16. Rb1 h6 17. Re1 Rhd8 18. Kg3 a5 19. Nf1 a4 20. b4 Bd4 21. c5 Ba2 22. cxb6 Bxb1 23. bxc7 Re8 24. Kf4 Bc3 25. Bd2 Bxd2+ 26. N1xd2 Ba2 27. Ne4 Kxc7 28. Rc1+ Kb8 29. Nc5 g5+ 30. Kf5 Rxa3 31. Kf6 Bd5 32. Nd7+ Ka7 33. Rc5 Re6+ 34. Kxf7 Rd6+ 35. Ke7 Re6+ 36. Kf7 Rd6+ 37. Ke8 Bxf3 38. exd6 Bh5+ 39. Kd8 b6 40. Rc7+ Ka6 41. Rc6 Kb5 42. Rxb6+ Kc4 43. Kc7 Rc3 44. Nc5 Be8 45. Rb8 Bb5 46. d7 Bxd7 47. Kxd7 a3 48. Ne4 Rd3+ 49. Ke6 Re3 50. Kf5 Kb3 51. b5 a2 52. Ra8 Kb2 53. Nd2 a1Q 54. Nc4+ 1-0